000 00636nam a2200241Ia 4500
003 OSt
005 20221005131444.0
006 a|||||r|||| 00| 0
007 ta
008 221004b |||||||| |||| 00| 0 eng d
024 _a43729
037 _cTextual
040 _aCRL
_cCRL
_beng
041 _2eng
_aeng
082 _aO15:1F00:1, 111J7
100 _aJayadeva
245 0 _aSong of divine love
_b Gita Govinda tr by Duncan Greenlees
260 _c1957
650 _a ENGLISH LITERATURE
650 _aSANSKRIT LITERATURE
942 _hO15:1F00:1, 111J7
_cTEXL
_2cc
999 _c1060382
_d1060382